00325nam a2200121Ia 4500008004100000041000800041082001500049100001800064245003800082260004100120300003100161365001100192240624s9999 xx 000 0 und d aeng a158.12 THO aTHOMSON DONNA aMEDITATIONS TO ENERGIZE YOUR LIFE c2007aMumbaibJaico Publishing House axiv, : 110 : p. : cm. ; 22 cRSb30